4001-安芸市(高知県)の駅 - Statistics

General Stats
  • This quiz has been taken 7 times
  • The average score is 5 of 7
Answer Stats
Answer % Correct
安芸
100%
赤野
83%
伊尾木
83%
穴内
67%
球場前
67%
あき総合病院前
50%
下山
33%
No matching quizzes found
Score Distribution
Percent of People with Each Score
Percentile by Number Answered
Your Score History
You have not taken this quiz